L'Araucana (Record no. 53309)

MARC details
000 -LEADER
campo de control de longitud fija 00503nam a22001575i 4500
001 - NÚMERO DE CONTROL
campo de control 53309
003 - IDENTIFICADOR DE NÚMERO DE CONTROL
campo de control ES-MaACL
007 - CAMPO FIJO DE DESCRIPCIÓN FÍSICA--INFORMACIÓN GENERAL
campo de control de longitud fija t|
008 - DATOS DE LONGITUD FIJA--INFORMACIÓN GENERAL
campo de control de longitud fija 950921s1900 fr ||||1| fre d
040 ## - FUENTE DE CATALOGACIÓN
Centro catalogador/agencia de origen CAM
Lengua de catalogación spa
Centro/agencia transcriptor CAM
100 1# - ENTRADA PRINCIPAL--NOMBRE DE PERSONA
Nombre de persona Ercilla y Zúñiga, Alonso de.
9 (RLIN) 47364
245 12 - MENCIÓN DEL TÍTULO
Título L'Araucana
Resto del título : poème épique /
Mención de responsabilidad, etc. de Alonso de Ercilla y Zúñiga.
260 ## - PUBLICACIÓN, DISTRIBUCIÓN, ETC.
Lugar de publicación, distribución, etc. Paris :
Nombre del editor, distribuidor, etc. Garnier fréres,
Fecha de publicación, distribución, etc. 1900 (
Fabricante imp. Bolbacii)
300 ## - DESCRIPCIÓN FÍSICA
Extensión [4], XC, [2], 343 p., [1] h. de map. pleg. ;
Dimensiones 18 cm.
852 ## - LOCALIZACIÓN
Ubicación ES-MaACL
Número de control de estantería G-15898
Holdings
Estatus retirado Estado de pérdida Estado de daño No para préstamo Colección Biblioteca de origen Biblioteca actual Ubicación en estantería Fecha de adquisición Fuente de adquisición Total de préstamos Signatura topográfica completa Código de barras Visto por última vez Precio de reemplazo Tipo de ítem Koha
        Libros del s. XIX Biblioteca del Ateneo de Madrid Biblioteca del Ateneo de Madrid Sala Pecera Planta 3 17/01/2008     G-15898 1056014 23/02/2023 23/02/2023 Libro impreso antiguo